Normal view MARC view
  • SALMAN, E. J,BENTZ, C. B,BENTZ, EDWARD. J

Entry Personal Name

Number of records used in: 1

001 - CONTROL NUMBER

  • control field: 74933

003 - CONTROL NUMBER IDENTIFIER

  • control field: NUST

005 - DATE AND TIME OF LATEST TRANSACTION

  • control field: 20210628205323.0

008 - FIXED-LENGTH DATA ELEMENTS

  • fixed length control field: 210628|| aca||aabn | a|a d

040 ## - CATALOGING SOURCE

  • Original cataloging agency: NUST
  • Transcribing agency: NUST

100 ## - HEADING--PERSONAL NAME

  • Personal name: SALMAN, E. J,BENTZ, C. B,BENTZ, EDWARD. J

670 ## - SOURCE DATA FOUND

  • Source citation: Work cat.: (NUST): SALMAN, E. J,BENTZ, C. B,BENTZ, EDWARD. J, SYNTHETIC FUELS TECHNOLOGY OVERVIEW WITH HEALTH AND ENVIRONMENTAL IMPACTS, 1981
© 2023 Central Library, National University of Sciences and Technology. All Rights Reserved.